000 00442nam a22001337a 4500
008 230519b |||||||| |||| 00| 0 eng d
020 _a978-99936-777-1-1
082 _a954.98
100 _aThe National Museum of Bhutan
245 _aའབྲུག་གི་དངོས་ཅན་དང་དངོས་མེད་ལམ་སྲོལ།
300 _a553 p.
_c23 cm
942 _2ddc
999 _c9565
_d9566